00871nam a2200193 a 4500001000400000003000500004005001700009008004100026040002000067245014400087260001900231300001800250500021400268650004300482700003200525942001300557999001300570952009400583897CDMR20131106115826.0130130s1972||||||||||||||||||||||||||||d aCDMRbcatcCDMR13aEl cómic como vehículo de información y de educaciónb: Iº Simposio del Cómic, Valencia 15 - 20 mayo 1972cAndrés Romero Rubio aValenciac1972 a24 p ;c32 cm aPonència presentada dins de la 1a exposició "Trinca" i el 1º Simposio del Comic, organitzat pel Centro de Orientación de Universidades Laborales, a Cheste (Valencia), entre el 15 i el 20 de maig de 19720493313aCòmicsxHistòria i crítica1 9338aRomero Rubio, Andrés cPON2udc c897d897 00104071aCDMRbCDMRd2013-01-16l0oDi 5/36pCDMR13119413r2013-01-16w2013-01-16yPON